Değişimi yaşama k/ (Kayıt no. 10041)

MARC ayrıntıları
000 -BAŞLIK
Sabit Uzunluktaki Kontrol Alanı 00604nam a22002177a 4500
003 - KONTROL NUMARASI KİMLİĞİ
Kontrol Alanı KOHA_MİRAKIL
005 - EN SON İŞLEM TARİHİ ve ZAMANI
Kontrol Alanı 20260325130231.0
008 - SABİT UZUNLUKTAKİ VERİ ÖGELERİ - GENEL BİLGİ
Sabit Alan 260325b tu ||||| |||| 00| 0 tur d
020 ## - ISBN - ULUSLARARASI STANDART KİTAP NUMARASI
Isbn 97860050904246
040 ## - KATALOGLAMA KAYNAĞI
Özgün Kataloglama Kurumu TR-AnABB
Kataloglama Dili tur
Çeviri Kurumu TR-AnABB
041 ## - DİL KODU
Metin ya da ses kaydının dil kodu tur
082 ## - DEWEY ONU SINIFLAMA SİSTEMİ
Sınıflama Numarası 818.4209
Cutter numarası TOP 2011
100 1# - KİŞİ ADI
Yazar Adı (Kişi adı) Topuz, Ali
245 10 - ESER ADI BİLDİRİMİ
Başlık Değişimi yaşama k/
Sorumluluk Bildirimi Ali Topuz
246 ## - DEĞİŞİK BAŞLIK FORMU
Başlık uygun / kısa başlık Ali Topuz Anlatıyor - 1
260 ## - YAYIN, DAĞITIM, VB.
Yayın Yeri İstanbul ;
Yayınevi Doğan Kitap ,
Yayın Tarihi 2011
300 ## - FİZİKSEL TANIMLAMA
Sayfa, Cilt vb. 512 sayfa ;
Boyutları 24 cm
500 ## - GENEL NOT
Genel Not Dizin vardır
650 04 - KONU BAŞLIĞI EK GİRİŞ - KONU TERİMİ
Konusal terim veya coğrafi ad Türk edebiyatı, söyleşi
942 ## - EK GİRİŞ ÖGELERİ (KOHA)
Sınıflama Kaynağı Dewey Decimal Classification
Materyal Türü Kitap
900 ## - YEREL BİLGİ
Kontrol Can ÇELIK
Mevcut
Geri Çekilme Durumu Kayıp Durumu Sınıflandırma Kaynağı Kredi için değil Kalıcı Konum Mevcut Konum Kayıt Tarih Toplam Ödünçverme Yer Numarası Demirbaş Numarası Son Görülme Tarihi Fatura Tarihi Materyal Türü
    Dewey Decimal Classification   Prof. Dr. Ruşen Keleş Kütüphanesi Prof. Dr. Ruşen Keleş Kütüphanesi 25/03/2026   818.4209 TOP 2011 RK1057 25/03/2026 25/03/2026 Kitap